000 00811cab a2200265 4500
001 ABS54878
008 090401t1996 xxu||||| |||| 00| 0 eng d
035 _a(Sirsi) u12731
041 _aeng
100 _aParlor, B.
245 _aFire safety
260 _c1996
350 _a0
490 _aASI Journal
_v8(1) April 1996, 6-10(5)
520 _aA feature on fire safety, focusing on the performance and testing of modern building materials.
650 _aBS 476
650 _aFIRE PRECAUTIONS ACT 1971
650 _aFIRE RESISTANT MATERIALS
650 _aFIRE
690 _aBUILT ENVIRONMENT-BUILDING MATERIALS
690 _aBUILT ENVIRONMENT-BUILDING STANDARDS
710 _aAssociation of Specialist Fire Protection Contractors and Manuafacturers
_92198
942 _n0
948 _c04/03/1997
999 _c8152
_d8152